| 000 | 00560nam a2200205 a 4500 | ||
|---|---|---|---|
| 001 | 264 | ||
| 003 | CDMR | ||
| 005 | 20131204110707.0 | ||
| 008 | 130130s2004||||||||||||||||||||||||||||d | ||
| 020 | _a842521534X | ||
| 040 |
_aCDMR _bcat _cCDMR |
||
| 100 | 1 |
_aBatchen, Geoffrey _9174 |
|
| 245 | 1 | 0 |
_aArder en deseos _b: la concepción de la fotografía _cGeoffrey Batchen |
| 260 |
_aBarcelona _c2004 _bGustavo Gili |
||
| 300 | _a255 p. | ||
| 490 | 0 | _aFotoGGrafia | |
| 650 | 0 | 4 |
_93144 _aFotografia _xHistòria |
| 650 | 0 | 4 |
_94210 _aFotografia _xFilosofia |
| 942 |
_cMON _2udc |
||
| 999 |
_c264 _d264 |
||